Effective Use of Computers in Nuclear Medicine. (Record no. 1231)
[ view plain ]
| 000 -LEADER | |
|---|---|
| fixed length control field | 00560nam a22001457a 4500 |
| 008 - FIXED-LENGTH DATA ELEMENTS--GENERAL INFORMATION | |
| fixed length control field | 150526b xxu||||| |||| 00| 0 eng d |
| 020 ## - INTERNATIONAL STANDARD BOOK NUMBER | |
| International Standard Book Number | 0070230935 |
| 050 ## - LIBRARY OF CONGRESS CALL NUMBER | |
| Classification number | R 907 .G45 1988 |
| 100 ## - MAIN ENTRY--PERSONAL NAME | |
| Personal name | Gelfand, Michael, J & Thomas, Stephen, R |
| 245 ## - TITLE STATEMENT | |
| Title | Effective Use of Computers in Nuclear Medicine. |
| Statement of responsibility, etc. | Michael J. Gelfand & Stephen R. Thomas |
| 260 ## - PUBLICATION, DISTRIBUTION, ETC. (IMPRINT) | |
| Place of publication, distribution, etc. | USA |
| Name of publisher, distributor, etc. | McGraw-Hill |
| Date of publication, distribution, etc. | 1988 |
| 300 ## - PHYSICAL DESCRIPTION | |
| Extent | xvi,604p:. |
| Other physical details | ill. |
| Dimensions | 24cm. |
| 440 ## - SERIES STATEMENT/ADDED ENTRY--TITLE | |
| Title | Effective Use of Computers in Nuclear Medicine. |
| 650 ## - SUBJECT ADDED ENTRY--TOPICAL TERM | |
| Topical term or geographic name as entry element | Nuclear medicine |
| 942 ## - ADDED ENTRY ELEMENTS (KOHA) | |
| Source of classification or shelving scheme | |
| Koha item type | Hard Covered Materials |
| Classification part | R 907 .G45 1988 |
| Call number prefix | R |
| Call number suffix | 907 .G45 1988 |
| Withdrawn status | Lost status | Source of classification or shelving scheme | Damaged status | Not for loan | Home library | Current library | Shelving location | Date acquired | Total Checkouts | Full call number | Barcode | Date last seen | Date last checked out | Price effective from | Koha item type |
|---|---|---|---|---|---|---|---|---|---|---|---|---|---|---|---|
| MACHAKOS UNIVERSITY LIBRARY | MACHAKOS UNIVERSITY LIBRARY | Open shelf | 26/05/2015 | 1 | R 907 .G45 1988 | 5235 | 08/02/2019 | 13/07/2016 | 26/05/2015 | Hard Covered Materials |